Dva prípady extragenitálneho primárneho afektu

Bibliographic Details
Main Author: Kubík, Ján, 1909-1996 (Author)
Format: Article
Language:Slovak

MARC

LEADER 00000nab a2200000ua 4500
001 vtls010771766
003 SK-MaSNL
005 20260303123355.0
008 230214s1948 xo |||||||||||||||||slo|
035 |a (urnnbn)urn:nbn:sk:snk:ar-a03k82 
035 |a (uuid)017ddd6e-0803-4916-b5c3-e542179191d0 
035 |a urn:nbn:sk:snk-ab5boj 
040 |a SNKBUCL  |b slo  |c SNKBUCL  |e AACR2 
041 0 |a slo 
044 |a xo  |c SK 
100 1 |a Kubík, Ján,  |d 1909-1996  |4 aut  |9 106389 
245 1 0 |a Dva prípady extragenitálneho primárneho afektu  |c Ján Kubík 
773 0 |t Bratislavské lekárske listy  |g Roč. 28, č. 4 (1948), s. 287-290 
954 |a odborná, vedecká literatúra pôvodná (slovenská)  |2 lita 
958 |a OND 
958 |a EUIPO 
958 |a article3 
999 |c 1925521  |d 1927451